000 00484nam a2200181Ia 4500
005 20250326124612.0
008 250326s9999 xx 000 0 und d
037 _aTextbook
040 _aFMSL
_beng
_cFMSL
041 _aeng
_2eng
084 _aX:8 L83
_qFMSL
100 _aStoner J A F
_9737641
245 0 _aManagement
_cStoner J A F
260 _aNew Jersey
_bNew Jersey, Prentice-Hall
_c1978
300 _a683p
942 _cTB
_hX:8 L83
999 _c1274350
_d1274350